The northern outreach program of the presbyterian church of Ghana (Registro nro. 57305)
[ vista simple ]
| 000 -LÍDER | |
|---|---|
| Campo fijo de descripción fija | 01631aab a2200253 i 4500 |
| 001 - NÚMERO DE CONTROL | |
| Campo de control | 768714001 |
| 003 - IDENTIFICADOR DEL NÚMERO DE CONTROL | |
| Campo de control | CO-MdFUSB |
| 005 - FECHA Y HORA DE LA ULTIMA TRANSACCIÓN | |
| control field | 20240808101158.0 |
| 008 - ELEMENTOS DE LONGITUD FIJA -- INFORMACIÓN GENERAL | |
| Campo fijo de descripción fija -- Información general | 240808t1999 -us||||| |||| 00| 0 eng d |
| 040 ## - FUENTE DE CATALOGACIÓN | |
| Idioma de catalogación | spa |
| Agencia que realiza la transcripción | CO-MdFUSB |
| 041 ## - CÓDIGO DE IDIOMA | |
| Código de idioma para texto/pista de sonido o título separado | eng |
| 100 1# - ASIENTO PRINCIPAL--NOMBRE PERSONAL | |
| Nombre personal | Dovlo, Elom |
| Término relacionador | autor |
| 245 #4 - TÍTULO | |
| Título | The northern outreach program of the presbyterian church of Ghana |
| Subtitulo | / Elom Dovlo y SS Sule-Saa |
| 520 ## - NOTA DE RESUMEN, ETC. | |
| Nota de sumario, etc. | Ghana está formada por tres de las diez regiones políticas del Estado moderno. El sur de Ghana constituye las siete regiones restantes. "Las duras condiciones climáticas y económicas del norte han provocado la afluencia de norteños al sur de Ghana en busca de oportunidades de trabajo. El Comité del Islam del Consejo Cristiano de Ghana llamó la atención sobre este hecho en 1975. Según James Anquandah, "en 1975, el Comité hizo un llamamiento para alertar a las congregaciones urbanas sobre el movimiento masivo de norteños hacia las ciudades y pueblos del sur de Ghana y las instó a ampliar sus ministerios de la forma más imaginativa y audaz posible para dar cabida a los cristianos y no cristianos del norte en sus zonas de interés para no perderlos ante el Islam". |
| 546 ## - NOTA DE IDIOMA | |
| Nota de idioma | Texto en inglés. |
| 650 #0 - ASIENTO SECUNDARIO DE MATERIA - TERMINO TEMÁTICO | |
| Término temático o nombre geográfico como elemento de entrada | Evangelización |
| 9 (RLIN) | 362 |
| 650 #7 - ASIENTO SECUNDARIO DE MATERIA - TERMINO TEMÁTICO | |
| Término temático o nombre geográfico como elemento de entrada | Antropología cultural y social |
| 9 (RLIN) | 6714 |
| 650 #0 - ASIENTO SECUNDARIO DE MATERIA - TERMINO TEMÁTICO | |
| Término temático o nombre geográfico como elemento de entrada | Cristianismo y otras religiones |
| 9 (RLIN) | 1247 |
| 650 #7 - ASIENTO SECUNDARIO DE MATERIA - TERMINO TEMÁTICO | |
| Término temático o nombre geográfico como elemento de entrada | Iglesia |
| 9 (RLIN) | 655 |
| 700 ## - ENTR. SECUNDARIA - Nombre Personal (R) | |
| Nombre de persona | Sule-Saa, Solomon S., |
| Término indicativo de función | autor |
| 773 0# - ASIENTO DE ITEM FUENTE | |
| Título | International Bulletin |
| Biblionumber | 49483 |
| Itemnumber | 61003 |
| Parte(s) relacionada(s) / Volumen., número. (mes año), páginas | Volumen 23, (número 3, 1999), páginas: 112 - 116 |
| Enumeración y primera página | página: 112 |
| 942 ## - TIPO DE MATERIAL (KOHA) | |
| Tipo de Item KOHA | Artículos de Revista |
| 945 ## - INFORMACIÓN LOCAL DEL REGISTRO | |
| Catalogador | Catherine Arias Álvarez - Practicante SENA |
No hay ítems disponibles.
